| 000 | 00885cam a22001935a 4500 | ||
|---|---|---|---|
| 001 | L141133 | ||
| 008 | 071030s1791 xxk eng u | ||
| 035 | _a(Sirsi) u141133 | ||
| 041 | 0 | _aeng | |
| 110 | 2 |
_aChristie's _95424 |
|
| 245 | 0 | 0 | _aParticulars and conditions of sale of a capital and singularly eligible freehold estate, the property of a man of fashion, consisting of the manor of Silton, with courts leet and baron, royalties etc...[and] Baltington Manor Farm in Purbeck...which (by order of the proprietor) will be sold by auction by Mr Christie, at the sign of the Red Lion, Shaftesbury on Wednesday June the 8th 1791... |
| 260 |
_aS.l. _bs.n. _c[1791] |
||
| 300 |
_a2 leaves _c39 x 25 cm. |
||
| 340 | _aPrinted | ||
| 351 | _cSingle item | ||
| 651 | 4 | _aDorset | |
| 690 | _aPROPERTY-PROPERTY ACQUISITION AND DISPOSAL-ACQUISITION AND DISPOSAL AT AUCTION | ||
| 942 | _n0 | ||
| 999 |
_c116613 _d116613 |
||